SWASTHVRUTTA EVAM YOGA (Record no. 27465)

MARC details
000 -LEADER
fixed length control field 00378nam a22001577a 4500
003 - CONTROL NUMBER IDENTIFIER
control field SGT
020 ## - INTERNATIONAL STANDARD BOOK NUMBER
International Standard Book Number 9789390977860
082 ## - DEWEY DECIMAL CLASSIFICATION NUMBER
Classification number 615.53
Item number S24A
100 ## - MAIN ENTRY--PERSONAL NAME
Personal name AGGARWAL, SARVESH KUMAR
245 ## - TITLE STATEMENT
Title SWASTHVRUTTA EVAM YOGA
260 ## - PUBLICATION, DISTRIBUTION, ETC. (IMPRINT)
Place of publication, distribution, etc VARANASI
Name of publisher, distributor, etc CHAUKHAMBHA ORIN.PUB.
Year of Publication 2024
300 ## - PAGE DESCRIPTION
No. of Pages 528+20
650 ## - SUBJECT ADDED ENTRY--TOPICAL TERM
Topical term or geographic name as entry element SWASTHVRUTTA
653 ## - KEYWORDS--INDEX TERM
Keyword term SWASTHVRUTTA, YOGA
942 ## - ADDED ENTRY ELEMENTS (KOHA)
Source of classification or shelving scheme Dewey Decimal Classification
Koha item type Books
942 ## - ADDED ENTRY ELEMENTS (KOHA)
-- 20
Holdings
Withdrawn status Lost status Source of classification or shelving scheme Damaged status Not for loan Collection code Home library Current library Shelving location Date acquired Vendor Name Cost, normal purchase price SGTU Bill Number Total Checkouts Total Renewals Full call number Accession No. (Barcode) Date last seen Date last borrowed Bill Date Koha item type
    Dewey Decimal Classification     AYURVEDA SGT FA-FP Library SGT FA-FP Library Text Book 20/11/2024 CHAUKHAMBHA PUB. 725.00 SGTU CP/B/584 28 1 615.53 S24A FA12135 19/01/2026 31/12/2025 09/10/2024 Books
    Dewey Decimal Classification     AYURVEDA SGT FA-FP Library SGT FA-FP Library Text Book 20/11/2024 CHAUKHAMBHA PUB. 725.00 SGTU CP/B/584     615.53 S24A FA12136 20/11/2024   09/10/2024 Books
    Dewey Decimal Classification     AYURVEDA SGT FA-FP Library SGT FA-FP Library Text Book 20/11/2024 CHAUKHAMBHA PUB. 725.00 SGTU CP/B/584 33 1 615.53 S24A FA12137 13/01/2026 11/12/2025 09/10/2024 Books